Vivencias infantiles / (Registro nro. 7832)

Detalles MARC
000 -LIDER
fixed length control field 01047nam a2200313 a 4500
001 - NÚMERO DE CONTROL
Identificador de número de control 000005230
003 - IDENTIFICACDOR DE NÚMERO DE CONTROL
control field DO-SdBPM
005 - DATE AND TIME OF LATEST TRANSACTION
control field 20250212075337.0
007 - CAMPOS FIJOS DE DESCRIPCIÓN FÍSICA
fixed length control field 000005230
008 - ELEMENTOS DE LONGITUD FIJA
fixed length control field 090818s2007 dr a 000 0 spa d
020 ## - ISBN
International Standard Book Number 9789945068597
040 ## - FUENTE DE CATALOGACIÓN
Agencia que crea de manera original el registro BPMSU
Idioma de catalogación spa
Agencia que realiza la transcripción BPMSU
082 #4 - NÚMERO DE CLASIFICACIÓN DECIMAL DE DEWEY
Classification number RD863.44
Item number E74v 2007
Edition number 22
100 1# - ASIENTO PRINCIPAL -- NOMBRE PERSONAL
Nombre personal Escorbort, Juana
245 10 - MENCIÓN DE TITULO
Título Vivencias infantiles /
Mención de responsabilidad Juana Escorbort ; edición Isael Pérez ; ilustración Juana Escorbort , Robbin Núñez.
250 ## - MENCIÓN DE EDICION
Mención de edición 2a ed.
260 ## - PUBLICACIÓN, DISTRIBUCIÓN, ETC. (PIE DE IMPRENTA)
Lugar de publicación, distribución, etc Santo Domingo :
Nombre del editor, distribuidor, etc. Santuario,
Fecha de publicación, distribución, etc 2007.
300 ## - DESCRIPCIÓN FÍSICA
Extensión 84 p. :
Otros detalles físicos il. ;
Dimensiones 21 cm.
500 ## - NOTA GENERAL
Nota general Incluye datos biográficos de la autora en la contracubierta
590 ## - NOTA LOCAL
Texto de la nota local Inventariado, 2025/VM
650 #4 - ENCABEZAMIENTO DE MATERIA--TEMÁTICO
Término temático o nombre geográfico como elemento de entrada Cuentos infantiles dominicanos
650 #4 - ENCABEZAMIENTO DE MATERIA--TEMÁTICO
Término temático o nombre geográfico como elemento de entrada Literatura infantil deominicana
650 #4 - ENCABEZAMIENTO DE MATERIA--TEMÁTICO
Término temático o nombre geográfico como elemento de entrada Relatos personales
Subdivisión de forma Cuentos infantiles
700 1# - ASIENTO SECUNDARIO -- NOMBRE PERSONAL
Nombre personal Pérez, Isael
Mención de responsabilidad editor
700 1# - ASIENTO SECUNDARIO -- NOMBRE PERSONAL
Nombre personal Núñez, Robbin
Mención de responsabilidad ilustración
910 ## - VALIDACIÓN
Validación VMateo V. Control de calidad BPMSU
930 #1 - EQUIVALENCE OR CROSS-REFERENCE-UNIFORM TITLE HEADING [LOCAL, CANADA]
Language of a work
Medium of performance for music
Field link and sequence number
Date of a work
Name of part/section of a work
Miscellaneous information
Medium
942 ## - ADDED ENTRY ELEMENTS (KOHA)
Source of classification or shelving scheme Dewey Decimal Classification
Koha item type Libros
Existencias
Withdrawn status Lost status Source of classification or shelving scheme Damaged status Not for loan Collection code Home library Current library Date acquired Total Checkouts Full call number Barcode Date last seen Price effective from Koha item type Copy number
    Dewey Decimal Classification     Colección Infantil Dominicana Biblioteca Pública Metropolitana Salomé Ureña Biblioteca Pública Metropolitana Salomé Ureña 05/08/2015   BPMSU CDI RD863.44 E74v 2007 BPMSU15051623 05/08/2015 05/08/2015 Libros  
    Dewey Decimal Classification     Colección Infantil Dominicana Biblioteca Pública Metropolitana Salomé Ureña Biblioteca Pública Metropolitana Salomé Ureña 05/08/2015   BPMSU CDI RD863.44 E74v 2007 BPMSU15051624 05/08/2015 05/08/2015 Libros e.2
    Dewey Decimal Classification     Colección Infantil Dominicana Biblioteca Pública Metropolitana Salomé Ureña Biblioteca Pública Metropolitana Salomé Ureña 05/08/2015   RD863.44 E74v 2007 BPMSU15051625 05/08/2015 05/08/2015 Libros ej. 3